000 00693nam a2200241 i 4500
001 19376
003 ES-MaACL
005 20250111062528.0
007 t|
008 020802s2002 sp ||||0| spa j
020 _a84-339-2496-6
040 _aM-BN
_bspa
_cM-BN
080 _a821.134.1-31"19"
100 1 _aMonzó, Quim.
_982771
245 1 3 _aEl mejor de los mundos /
_cQuim Monzó ; versión del autor.
260 _aBarcelona :
_bAnagrama,
_c[2002]
300 _a237 p ;
_c22 cm.
490 1 _aNarrativas hispánicas ;
_v325
830 0 0 _aNarrativas hispánicas (Anagrama)
_v325
_9178124
852 _aES-MaACL
_jL-25816
_bR.131498
999 _c19376
_d19376